000 00978nam0a22002651 4500
001 rc\971533
005 20250622062554.0
035 _a(NLR Aleph) 006140478
090 _a5656437
_c5656437
100 _a20041129d1982 |||y0rusy50 ca
101 0 _arus
102 _aRU
105 _aa |||||||||
200 1 _aКатализ и физикохимия поверхности
_e[Сб. статей]
_fПод ред. проф. К.В. Топчиевой, проф. Л.И. Некрасова
210 _aМ.
_cИзд-во МГУ
_d1982
215 _a273 с.
_cил.
_d20
225 1 _aСовременные проблемы физической химии
_vТ. 13
300 _aНа обл. только загл. сер.
320 _aБиблиогр. в конце статей
702 1 _aТопчиева
_bК.В.
_gКлавдия Васильевна
_4340
801 0 _aRU
_bNLR
_gpsbo
801 1 _aRU
_bELAR
_2rusmarc
852 _aNLR
_jП51/54
942 _cBOOK
980 _aNB